00461nam a22001337a 450000500170000000800410001704100120005808200130007010000120008324500950009526000860019030000260027665000250030220240820105948.0240820b |||||||| |||| 00| 0 eng d aEnglish a349 LAW  lEnglish aThe Law Reports, Weekly Reports and Industrial Cases Reports: Consolidated Index 1971-1980 aLondon: bThe Incorporated Council of Law Reporting for England and Wales,c1980  b1245 pages; c25 cm.  aLegal practice bLaw